Phonological and phonetic competence: between grammar, signal processing, and neural activity (Record no. 12698)
[ view plain ]
| 000 -LEADER | |
|---|---|
| fixed length control field | 00670nam a2200133Ia 4500 |
| 008 - FIXED-LENGTH DATA ELEMENTS--GENERAL INFORMATION | |
| fixed length control field | 220615s9999||||xx |||||||||||||| ||und|| |
| 022 ## - INTERNATIONAL STANDARD SERIAL NUMBER | |
| International Standard Serial Number | 16648714 |
| 100 ## - MAIN ENTRY--PERSONAL NAME | |
| Personal name | Hubert Truckenbrodt||Ulrike Domahs||Richard Wiese |
| 245 #0 - TITLE STATEMENT | |
| Title | Phonological and phonetic competence: between grammar, signal processing, and neural activity |
| 546 ## - LANGUAGE NOTE | |
| Language note | English[eng] |
| 650 ## - SUBJECT ADDED ENTRY--TOPICAL TERM | |
| Topical term or geographic name entry element | Neuroimaging||Language change||Prosody||language development||EEG||Eye-tracking||Phonetics||speech production||Speech Perception||phonology |
| 856 ## - ELECTRONIC LOCATION AND ACCESS | |
| Uniform Resource Identifier | <a href="http://journal.frontiersin.org/researchtopic/1693/phonological-and-phonetic-competence-between-grammar-signal-processing-and-neural-activity">http://journal.frontiersin.org/researchtopic/1693/phonological-and-phonetic-competence-between-grammar-signal-processing-and-neural-activity</a> |
| 942 ## - ADDED ENTRY ELEMENTS (KOHA) | |
| Koha item type | E-Books |
| Withdrawn status | Lost status | Damaged status | Not for loan | Home library | Current library | Date acquired | Total Checkouts | Date last seen | Price effective from | Koha item type |
|---|---|---|---|---|---|---|---|---|---|---|
| Kerala University of Digital Sciences, Innovation and Technology Knowledge Centre | Kerala University of Digital Sciences, Innovation and Technology Knowledge Centre | 15/06/2022 | 15/06/2022 | 15/06/2022 | E-Books |